000 00666nam a2200193 i 4500
001 40014
003 ES-MaACL
005 20230906160125.0
007 t|
008 030304s1970 sp ||||1| spa d
100 1 _aCarranza, Eduardo.
_935501
245 1 4 _aLos pasos contados
_b: (el corazón escrito) : poesía en verso (1935-1968) /
_cEduardo Carranza.
260 _aMadrid :
_bCultura Hispánica,
_c1970.
300 _a301 p. :
_bretr. autor ;
_c20 cm.
490 1 _aPoesía de España y América. La encina y el mar ;
_v44
830 1 _aPoesía de España y América. La encina y el mar ;
_v44
_9179340
852 _aES-MaACL
_jC-39801
999 _c40014
_d40014